000 01518nam a2200373 a 4500
001 0000372
003 DO-SdBNP
005 20180309125902.0
007 0000372
008 150817s2012 ac 000 spa d
020 _a9789945116991 (v. 1)
020 _a9789945119236 (v. 2)
040 _aBPMSU
_bspa
_cBPMSU
092 _a372.61
_bM778e, 2do. 2012
100 _aMontero, Jenny
245 1 0 _aEspañol 2 /
_beducación básica
_cJenny Montero ; ilustración Ruddy Núñez ; dirección editorial Obdulia García de Escobar
260 _aSanto Domingo :
_bSantillana,
_c2012.
300 _av. :
_bil. retrs.
_c30 cm.
490 1 _aInnova
500 _aIncluye libro de texto y guía, recursos didácticos para el profesorado.
505 1 _tSapo verde --
_tEl rey Midas --
_tLa caída de Porquesí --
_tEl ratoncito inexperto --
_tEl árbol de navidad --
_tEl sol y el viento --
_tTres botones --
_tLa auyama gigante --
_tEl vendedor y los monos --
_tEl cocodrilo Drilo --
_tMañana --
_tEl rey que no quería bañarse --
650 _aGRAMÁTICA
_xENSEÑANZA BÁSICA
650 _aGRAMÁTICA
_xEDUCACIÓN PRIMARIA
650 _aEDUCACIÓN PRIMARIA
_zREPÚBLICA DOMINICANA
650 _aGRAMÁTICA
_xLIBROS DE TEXTO
650 _aGRAMÁTICA
_xESTUDIOS Y EJERCICIOS
700 1 _aNúñez, Ruddy
_eil.
700 1 _aGarcía de Escobar, Obdulia
_edir. ed.
830 0 _pInnova
910 _a00144
942 _2ddc
_cBK
945 _aRemanejado para la BNPHU / 2018 BT
956 _aYngrid Lockward
_b10
999 _c10002
_d10002